[Event "French Top 12 2013"]
[Site "Haguenau FRA"]
[Date "2013.06.08"]
[Round "10.2"]
[White "Vaisser, Anatoly"]
[Black "Wojtaszek, Radoslaw"]
[Result "1/2-1/2"]
[WhiteTitle "GM"]
[BlackTitle "GM"]
[WhiteElo "2548"]
[BlackElo "2701"]
[WhiteTeam "C.E. Strasbourg"]
[BlackTeam "Mulhouse Philidor"]
[WhiteFideId "603252"]
[BlackFideId "1118358"]
[EventDate "2013.05.30"]

1. d4 Nf6 2. c4 e6 3. Nc3 Bb4 4. e3 O-O 5. Bd3 d5 6. Nf3 b6 7. O-O Bb7 8. cxd5
exd5 9. Ne5 Bd6 10. f4 c5 11. Qf3 Nc6 12. Qh3 h6 13. Kh1 cxd4 14. Nxc6 Bxc6 15.
exd4 Re8 16. f5 b5 17. Bxb5 Bxb5 18. Nxb5 Ne4 19. Be3 Ng3+ 20. hxg3 Rxe3 21.
Nxd6 Qxd6 22. f6 Qxg3 23. Qxg3 Rxg3 24. fxg7 Re8 25. Rf2 Rd3 26. Raf1 1/2-1/2

[Event "French Top 12 2013"]
[Site "Haguenau FRA"]
[Date "2013.06.08"]
[Round "10.3"]
[White "Gajewski, Grzegorz"]
[Black "Rozentalis, Eduardas"]
[Result "1/2-1/2"]
[WhiteTitle "GM"]
[BlackTitle "GM"]
[WhiteElo "2653"]
[BlackElo "2611"]
[WhiteTeam "Mulhouse Philidor"]
[BlackTeam "C.E. Strasbourg"]
[WhiteFideId "1116207"]
[BlackFideId "12800023"]
[EventDate "2013.05.30"]

1. d4 Nf6 2. c4 e6 3. Nf3 b6 4. g3 Bb7 5. Bg2 Be7 6. O-O O-O 7. Nc3 Ne4 8. Bd2
Nxc3 9. Bxc3 Be4 10. Bh3 Bxf3 11. exf3 d5 12. f4 Bf6 13. Qa4 Qd6 14. cxd5 exd5
15. Bb4 c5 16. dxc5 bxc5 17. Ba3 Na6 18. Rfd1 Rab8 19. Bg2 d4 20. Rac1 Qb6 21.
Qc4 Be7 22. Re1 Bd6 23. Bf1 Nb4 24. Qb3 a5 25. Bc4 Qc6 26. Qd1 Rbe8 27. Qg4
Rxe1+ 28. Rxe1 Nc2 29. Rc1 Nxa3 1/2-1/2

[Event "French Top 12 2013"]
[Site "Haguenau FRA"]
[Date "2013.06.08"]
[Round "10.4"]
[White "Kallai, Gabor"]
[Black "Sokolov, Andrei1"]
[Result "1/2-1/2"]
[WhiteTitle "GM"]
[BlackTitle "GM"]
[WhiteElo "2473"]
[BlackElo "2563"]
[WhiteTeam "C.E. Strasbourg"]
[BlackTeam "Mulhouse Philidor"]
[WhiteFideId "700282"]
[BlackFideId "627089"]
[EventDate "2013.05.30"]

1. d4 Nf6 2. c4 e6 3. g3 d5 4. Nf3 Bb4+ 5. Bd2 Be7 6. Bg2 O-O 7. O-O c6 8. Qb3
b6 9. Nc3 Ba6 10. cxd5 cxd5 11. Rfc1 Nc6 12. Bf4 1/2-1/2

[Event "French Top 12 2013"]
[Site "Haguenau FRA"]
[Date "2013.06.08"]
[Round "10.5"]
[White "Degraeve, Jean-Marc"]
[Black "Vitoux, Colomban"]
[Result "1-0"]
[WhiteTitle "GM"]
[BlackTitle "IM"]
[WhiteElo "2567"]
[BlackElo "2388"]
[WhiteTeam "Mulhouse Philidor"]
[BlackTeam "C.E. Strasbourg"]
[WhiteFideId "600270"]
[BlackFideId "628549"]
[EventDate "2013.05.30"]

1. e4 e6 2. d4 d5 3. e5 c5 4. Nf3 cxd4 5. Bd3 Nc6 6. O-O f6 7. Bb5 Bd7 8. Bxc6
bxc6 9. Qxd4 fxe5 10. Nxe5 Nf6 11. Bf4 Ne4 12. Nc3 Bc5 13. Qd3 Nxf2 14. Rxf2
Bxf2+ 15. Kxf2 O-O 16. Ne2 g5 17. Qg3 Kh8 18. Qc3 d4 19. Qxd4 Qf6 20. Nxd7 Qxd4+
21. Nxd4 Rxf4+ 22. Ke3 Rxd4 23. Kxd4 Rd8 24. Kc5 Rxd7 25. Kxc6 Rd2 26. Rc1 Rxg2
27. b4 Rxh2 28. Kb7 Rh4 29. c4 g4 30. c5 g3 31. b5 Rh5 32. a4 g2 33. Rg1 Rxc5
34. Rxg2 Rc4 35. a5 Rb4 36. Rg5 h6 37. Rc5 1-0

[Event "French Top 12 2013"]
[Site "Haguenau FRA"]
[Date "2013.06.08"]
[Round "10.6"]
[White "Roos, Daniel"]
[Black "Ider, Borya"]
[Result "1-0"]
[WhiteTitle "IM"]
[BlackTitle "FM"]
[WhiteElo "2347"]
[BlackElo "2389"]
[WhiteTeam "C.E. Strasbourg"]
[BlackTeam "Mulhouse Philidor"]
[WhiteFideId "600253"]
[BlackFideId "4901134"]
[EventDate "2013.05.30"]

1. Nf3 e6 2. g3 b5 3. Bg2 Bb7 4. d3 Nf6 5. Nbd2 c5 6. O-O Be7 7. a4 b4 8. e4 d5
9. e5 Nfd7 10. Re1 Nc6 11. Nf1 Qc7 12. Qe2 Rc8 13. Bf4 Ba6 14. Ne3 Qd8 15. h4
O-O 16. b3 c4 17. bxc4 dxc4 18. Nxc4 Bxc4 19. dxc4 Na5 20. Red1 Qe8 21. Nd4 a6
22. Nb3 Nxc4 23. Bb7 Rc7 24. Bxa6 Na3 25. Bd3 Qa8 26. a5 Nc5 27. Nxc5 Bxc5 28.
a6 g6 29. h5 Bd4 30. Be4 Qa7 31. Ra2 Rb8 32. Bb7 Qb6 33. Rd3 Nb5 34. Qd2 Qa7 35.
Bf3 Qc5 36. Ra5 Rd7 37. a7 Rxa7 38. Rxb5 Ra1+ 39. Kh2 Qxb5 40. Rxd4 Qb6 41. Rd6
Qa5 42. Be3 b3 43. cxb3 Qxd2 44. Bxd2 gxh5 45. Bxh5 Ra2 46. b4 Rb5 47. Rd8+ Kg7
48. Rd7 Rd5 49. Rxf7+ Kg8 50. Bh6 Rd6 1-0

[Event "French Top 12 2013"]
[Site "Haguenau FRA"]
[Date "2013.06.08"]
[Round "10.7"]
[White "Shoker, Samy"]
[Black "Nicoara, Malina"]
[Result "1-0"]
[WhiteTitle "IM"]
[BlackTitle "WIM"]
[WhiteElo "2469"]
[BlackElo "2117"]
[WhiteTeam "Mulhouse Philidor"]
[BlackTeam "C.E. Strasbourg"]
[WhiteFideId "627143"]
[BlackFideId "604631"]
[EventDate "2013.05.30"]

1. Nf3 g6 2. g3 Bg7 3. Bg2 d6 4. c4 e5 5. Nc3 Ne7 6. O-O c5 7. a3 Nbc6 8. Rb1
O-O 9. d3 Rb8 10. b4 b6 11. e3 h6 12. Bd2 Be6 13. Qa4 Qd7 14. Rfd1 Rfd8 15. Ne1
Rbc8 16. Nd5 Kh7 17. Nc2 Nb8 18. b5 Bxd5 19. cxd5 a5 20. e4 Rf8 21. Ne3 Rce8 22.
Nc4 Nc8 23. Qc2 Qd8 24. Rf1 f5 25. f4 exf4 26. gxf4 Bd4+ 27. Kh1 Qf6 28. Rbe1
Nd7 29. Qd1 Rg8 30. a4 Re7 31. Qf3 Rge8 32. Bh3 Qf7 33. Re2 Kh8 34. Rfe1 fxe4
35. dxe4 Ne5 36. Nxe5 dxe5 37. Be6 Qf8 38. Qg4 Kh7 39. Rg2 Rg7 40. fxe5 Rxe6 41.
Qxe6 1-0

[Event "French Top 12 2013"]
[Site "Haguenau FRA"]
[Date "2013.06.08"]
[Round "10.8"]
[White "Laverdet, Tristan"]
[Black "Choisy, Mathilde"]
[Result "0-1"]
[BlackTitle "WFM"]
[WhiteElo "1999"]
[BlackElo "2166"]
[WhiteTeam "C.E. Strasbourg"]
[BlackTeam "Mulhouse Philidor"]
[WhiteFideId "20623364"]
[BlackFideId "634565"]
[EventDate "2013.05.30"]

1. e4 c5 2. Nf3 e6 3. d4 cxd4 4. Nxd4 Nc6 5. Nxc6 bxc6 6. Bd3 Nf6 7. O-O d5 8.
e5 Nd7 9. f4 Be7 10. c3 Qb6+ 11. Kh1 Ba6 12. Bxa6 Qxa6 13. Be3 O-O 14. Nd2 Rfb8
15. Qc2 c5 16. Nf3 g6 17. h4 Qb7 18. Rf2 Nb6 19. Rg1 Rd8 20. h5 Rac8 21. g4 d4
22. Bc1 d3 23. Qd1 Rd7 24. Kh2 Rcd8 25. f5 Qe4 26. f6 Bf8 27. Kg3 d2 28. Bxd2
Nc4 29. Qe1 Nxd2 0-1

[Event "French Top 12 2013"]
[Site "Haguenau FRA"]
[Date "2013.06.08"]
[Round "10.1"]
[White "Nyzhnyk, Illya"]
[Black "Bacrot, Etienne"]
[Result "1/2-1/2"]
[WhiteTitle "GM"]
[BlackTitle "GM"]
[WhiteElo "2635"]
[BlackElo "2725"]
[WhiteTeam "Evry Grand Roque"]
[BlackTeam "Marseille Echecs"]
[WhiteFideId "14118084"]
[BlackFideId "605506"]
[EventDate "2013.05.30"]

1. d4 d5 2. c4 e6 3. Nc3 Nf6 4. Nf3 c5 5. cxd5 Nxd5 6. e4 Nxc3 7. bxc3 cxd4 8.
cxd4 Bb4+ 9. Bd2 Bxd2+ 10. Qxd2 O-O 11. Bc4 Nd7 12. Rc1 b6 13. e5 Bb7 14. Be2
Rc8 15. Rxc8 Qxc8 16. O-O Qa8 17. Rc1 Rc8 18. Ne1 Nf8 19. h4 Rxc1 20. Qxc1 Qd8
21. Bf3 Ba6 22. Qa3 Bc4 23. Nc2 Qxh4 24. g3 Qd8 25. Qxa7 Bd3 26. Nb4 Qxd4 27.
Nc6 Qc5 28. Bh5 g6 29. Nd8 gxh5 30. Qxf7+ Kh8 31. Qf6+ Kg8 32. Qf7+ Kh8 33. Qf6+ 1/2-1/2

[Event "French Top 12 2013"]
[Site "Haguenau FRA"]
[Date "2013.06.08"]
[Round "10.2"]
[White "Delchev, Aleksander"]
[Black "Fedorchuk, Sergey A."]
[Result "0-1"]
[WhiteTitle "GM"]
[BlackTitle "GM"]
[WhiteElo "2622"]
[BlackElo "2660"]
[WhiteTeam "Marseille Echecs"]
[BlackTeam "Evry Grand Roque"]
[WhiteFideId "2900394"]
[BlackFideId "14102536"]
[EventDate "2013.05.30"]

1. e4 c5 2. Nf3 Nc6 3. d4 cxd4 4. Nxd4 Qb6 5. Nb3 Nf6 6. Nc3 e6 7. Bd3 d6 8. O-O
a6 9. a4 Qc7 10. a5 Bd7 11. Be3 Ne5 12. Bb6 Qb8 13. f4 Nxd3 14. Qxd3 Be7 15. f5
O-O 16. Rae1 Qc8 17. fxe6 fxe6 18. e5 dxe5 19. Rxe5 Ng4 20. Rxf8+ Qxf8 21. Re2
Bd6 22. Re4 Nh6 23. Re1 Qb8 24. g3 Nf7 25. Ne4 Bb5 26. Qe3 Be7 27. Nd4 Bd7 28.
Bc5 Qf8 29. b4 e5 30. Bxe7 Qxe7 31. Nc5 Bh3 32. Nf3 Rf8 33. Nd3 Qf6 34. Nf2 Bd7
35. Ne4 Qe7 36. Qc5 Qe6 37. Qe3 Bc6 38. Nfd2 Rd8 39. Rf1 h6 40. c3 Qd5 41. Re1
Nd6 42. Qe2 Kh8 43. Qe3 Nf7 44. Nf3 Kg8 45. Nfd2 Qa2 46. Nf3 Qc2 47. Qe2 Qb3 48.
Nfd2 Qa2 49. Nf3 Qd5 50. Nfd2 Ng5 51. h4 Nf7 52. Qc4 Qd7 53. Kh2 Bb5 54. Qc5 Qg4
55. Qf2 Bc6 56. Qe2 Qd7 57. Nf3 Qc8 58. Qc4 Qf5 59. Ng1 Rd2+ 60. Nxd2 Qf2+ 61.
Kh3 Bg2+ 0-1

[Event "French Top 12 2013"]
[Site "Haguenau FRA"]
[Date "2013.06.08"]
[Round "10.3"]
[White "Nataf, Igor-Alexandre"]
[Black "Istratescu, Andrei"]
[Result "1/2-1/2"]
[WhiteTitle "GM"]
[BlackTitle "GM"]
[WhiteElo "2548"]
[BlackElo "2651"]
[WhiteTeam "Evry Grand Roque"]
[BlackTeam "Marseille Echecs"]
[WhiteFideId "605492"]
[BlackFideId "1200372"]
[EventDate "2013.05.30"]

1. e4 e6 2. d4 d5 3. Nd2 Nf6 4. e5 Nfd7 5. f4 c5 6. Ngf3 Nc6 7. Nb3 c4 8. Nbd2
b5 9. Be2 Nb6 10. Nf1 f5 11. Ne3 a5 12. h3 Kd7 13. g4 Kc7 14. b3 a4 15. bxc4
bxc4 16. a3 g6 17. Qd2 Be7 18. Nd1 Bd7 19. Nc3 Na7 20. Qe3 Qf8 21. g5 Qg7 22.
Kf2 Rhb8 23. h4 Be8 24. Nd2 Rb7 25. Bf3 Bc6 26. Nf1 Rh8 27. Ng3 h5 28. Nge2 Rhb8
29. Ng3 Be8 30. Bd2 Qf8 31. Rhb1 Kc8 32. Bc1 Na8 33. Rxb7 Rxb7 34. Nge2 Nc7 35.
Kg3 Bc6 36. Kh3 Kd7 37. Ng3 Nab5 38. Nd1 Qb8 39. Ne2 Qf8 40. Kh2 Na8 41. Nec3
Nxc3 42. Nxc3 Nc7 43. Kg3 Qb8 44. Bd1 Na8 45. Bd2 Qf8 46. Bc1 Nb6 47. Ra2 Nc8
48. Ra1 Na7 49. Qd2 Qb8 50. Qe3 Kc8 51. Bd2 Bd7 52. Bc1 Nc6 53. Kh3 Qa7 54. Ne2
Bd8 55. Bd2 Ba5 56. Bc3 Qb6 57. Kg3 Na7 58. Qd2 Bxc3 59. Qxc3 Be8 60. Kf2 Qc7
61. Ke3 Nb5 62. Qb4 Qe7 63. Qxe7 Rxe7 64. c3 Ra7 65. Kd2 Kc7 66. Ng3 Kb6 67. Nf1
Ka5 68. Ne3 Rb7 69. Bc2 Na7 70. Rb1 Rxb1 71. Bxb1 Nb5 72. Nc2 Kb6 73. Ba2 1/2-1/2

[Event "French Top 12 2013"]
[Site "Haguenau FRA"]
[Date "2013.06.08"]
[Round "10.4"]
[White "Miton, Kamil"]
[Black "Zherebukh, Yaroslav"]
[Result "1/2-1/2"]
[WhiteTitle "GM"]
[BlackTitle "GM"]
[WhiteElo "2624"]
[BlackElo "2629"]
[WhiteTeam "Marseille Echecs"]
[BlackTeam "Evry Grand Roque"]
[WhiteFideId "1111914"]
[BlackFideId "14116804"]
[EventDate "2013.05.30"]

1. d4 Nf6 2. c4 e6 3. Nf3 d5 4. Nc3 Be7 5. g3 O-O 6. Bg2 dxc4 7. O-O Nc6 8. e3
Rb8 9. Qa4 Nb4 10. Qxa7 Bd7 11. Ne5 c6 12. Qa4 b5 13. Qd1 c5 14. dxc5 Qc7 15. a3
Nc6 16. Nxd7 Nxd7 17. a4 bxa4 18. Qxa4 Nb4 19. c6 Nc5 20. Nb5 Qxc6 21. Bxc6 Nxa4
22. Rxa4 Nxc6 23. Na3 Nb4 1/2-1/2

[Event "French Top 12 2013"]
[Site "Haguenau FRA"]
[Date "2013.06.08"]
[Round "10.5"]
[White "Sebag, Marie"]
[Black "Maze, Sebastien"]
[Result "1/2-1/2"]
[WhiteTitle "GM"]
[BlackTitle "GM"]
[WhiteElo "2527"]
[BlackElo "2543"]
[WhiteTeam "Evry Grand Roque"]
[BlackTeam "Marseille Echecs"]
[WhiteFideId "617822"]
[BlackFideId "613762"]
[EventDate "2013.05.30"]

1. e4 e5 2. Nf3 Nc6 3. Bb5 Nf6 4. d3 Bc5 5. Bxc6 dxc6 6. Nbd2 Be6 7. O-O Nd7 8.
Nb3 Be7 9. d4 f6 10. Na5 Rb8 11. Be3 Bb4 12. Bd2 Be7 13. Qe2 O-O 14. h3 Qe8 15.
Nc4 Qh5 16. Ne3 exd4 17. Nf5 Rfe8 18. N5xd4 Bf7 19. Rfe1 Bf8 20. Nf5 g6 21. Ng3
Qb5 22. Bc3 Qxe2 23. Rxe2 Ne5 24. Nxe5 fxe5 25. Rd1 b5 26. b3 Rb6 27. Nf1 Ra6
28. Ra1 Bd6 29. Ne3 h5 30. Bb2 Rb6 31. Rd1 Ra6 32. Ra1 Kf8 33. g4 Be6 34. c4
bxc4 35. Nxc4 Bxc4 36. bxc4 hxg4 37. hxg4 Ra4 38. Rc2 Kf7 39. Kg2 Ke6 40. Bc1
Rb8 41. Be3 Rbb4 42. Rac1 Be7 43. Bd2 Rb6 44. Be3 Rba6 45. Ra1 R6a5 46. Bd2 Ra6
47. Be3 Bf8 48. g5 Ra3 49. Rh1 Rxa2 50. Rxa2 Rxa2 51. Rh7 Ra4 52. Rxc7 Rxc4 53.
Bxa7 Be7 54. Be3 Rc3 55. Rc8 Rc4 1/2-1/2

[Event "French Top 12 2013"]
[Site "Haguenau FRA"]
[Date "2013.06.08"]
[Round "10.6"]
[White "Collas, Didier"]
[Black "Moussard, Jules"]
[Result "1/2-1/2"]
[WhiteTitle "IM"]
[BlackTitle "IM"]
[WhiteElo "2394"]
[BlackElo "2437"]
[WhiteTeam "Marseille Echecs"]
[BlackTeam "Evry Grand Roque"]
[WhiteFideId "602680"]
[BlackFideId "642908"]
[EventDate "2013.05.30"]

1. Nf3 g6 2. d4 Nf6 3. Nbd2 d5 4. b4 Bg7 5. e3 O-O 6. c4 b6 7. Bb2 Bb7 8. Be2
Nbd7 9. b5 e6 10. O-O Ne4 11. cxd5 exd5 12. a4 Qe7 13. Ba3 Nd6 14. Rc1 Rfc8 15.
Qb3 Qe6 16. Rc2 c5 17. bxc6 Rxc6 18. Rxc6 Bxc6 19. Rc1 Rc8 20. Ba6 Bb7 21. Rxc8+
Bxc8 22. Ng5 Qf5 23. Bxc8 Nxc8 24. Qc3 Nf8 25. Qc7 Qd7 26. Qxd7 Nxd7 27. Nb1 Bf6
28. Nh3 Be7 29. Nf4 Nf6 30. Bxe7 Nxe7 31. f3 Kf8 32. Nc3 a6 33. h4 h5 34. Kf2
Ke8 35. e4 dxe4 36. fxe4 Nc6 37. Ke3 Ng4+ 38. Kd3 Nb4+ 39. Kc4 Nc2 40. Ncd5 b5+
41. axb5 axb5+ 42. Kc5 Nf2 43. Nf6+ Kd8 44. d5 b4 45. Kc4 Nd1 46. Kb3 Nde3 47.
d6 Ne1 48. e5 N1c2 49. g3 1/2-1/2

[Event "French Top 12 2013"]
[Site "Haguenau FRA"]
[Date "2013.06.08"]
[Round "10.7"]
[White "Relange, Eloi"]
[Black "Goldsztejn, Gildas"]
[Result "1/2-1/2"]
[WhiteTitle "GM"]
[BlackTitle "IM"]
[WhiteElo "2470"]
[BlackElo "2402"]
[WhiteTeam "Evry Grand Roque"]
[BlackTeam "Marseille Echecs"]
[WhiteFideId "600822"]
[BlackFideId "612375"]
[EventDate "2013.05.30"]

1. d4 Nf6 2. c4 g6 3. g3 Bg7 4. Bg2 O-O 5. Nc3 d6 6. Nf3 c6 7. O-O Qa5 8. e4 Qh5
9. e5 dxe5 10. Nxe5 Ng4 11. Nf3 Rd8 12. Ne2 e5 13. h3 e4 14. Ng5 e3 15. hxg4
Qxg5 16. Bxe3 Qxg4 17. d5 Qxc4 18. Rc1 1/2-1/2

[Event "French Top 12 2013"]
[Site "Haguenau FRA"]
[Date "2013.06.08"]
[Round "10.1"]
[White "Inkiov, Ventzislav"]
[Black "Szabo, Krisztian1"]
[Result "0-1"]
[WhiteTitle "GM"]
[BlackTitle "GM"]
[WhiteElo "2465"]
[BlackElo "2545"]
[WhiteTeam "Migne Echecs"]
[BlackTeam "Grasse Echecs"]
[WhiteFideId "2900033"]
[BlackFideId "722901"]
[EventDate "2013.05.30"]

1. d4 Nf6 2. c4 g6 3. Nc3 Bg7 4. Nf3 d6 5. Bg5 h6 6. Bh4 g5 7. Bg3 Nh5 8. e3 c5
9. dxc5 Nxg3 10. hxg3 dxc5 11. Qc2 Nc6 12. Rd1 Qa5 13. Nd2 Nb4 14. Qb1 Bd7 15.
Nb3 Qb6 16. Be2 O-O-O 17. Bh5 Be6 18. Rxd8+ Rxd8 19. Be2 Qc6 20. O-O g4 21. Nb5
Qb6 22. a3 Nc6 23. Qc2 Kb8 24. Nc3 Na5 25. Nxa5 Qxa5 26. Nd5 f5 27. Bd3 Bxd5 28.
cxd5 Rxd5 29. Bxf5 Rd2 30. Qc4 Bxb2 31. Rb1 a6 32. a4 Qb4 33. Qe6 c4 34. Qe4 a5
35. Qf4+ Ka7 36. Qc7 c3 37. Kh2 Qb6 38. Qe5 Rxf2 39. Be4 Re2 40. Qd5 Rd2 41. Qf5
Qc7 42. Qb5 h5 43. Qxh5 c2 44. Bxc2 Rxc2 45. Rd1 Rxg2+ 46. Kxg2 Qc2+ 0-1

[Event "French Top 12 2013"]
[Site "Haguenau FRA"]
[Date "2013.06.08"]
[Round "10.2"]
[White "Apicella, Manuel"]
[Black "Picard, Romain"]
[Result "0-1"]
[WhiteTitle "GM"]
[BlackTitle "IM"]
[WhiteElo "2532"]
[BlackElo "2342"]
[WhiteTeam "Grasse Echecs"]
[BlackTeam "Migne Echecs"]
[WhiteFideId "600164"]
[BlackFideId "627216"]
[EventDate "2013.05.30"]

1. e4 e5 2. Nf3 d6 3. d4 exd4 4. Nxd4 Nf6 5. Nc3 Be7 6. Be2 O-O 7. O-O Re8 8.
Re1 Bf8 9. Bf1 c6 10. Bg5 Nbd7 11. Qd2 h6 12. Bh4 Ne5 13. f3 Ng6 14. Bf2 Bd7 15.
a4 b6 16. Ba6 Qc7 17. Rad1 Rad8 18. h3 Bc8 19. Bxc8 Qxc8 20. f4 a6 21. Nf3 b5
22. axb5 axb5 23. f5 Ne5 24. Nxe5 dxe5 25. Qe3 Rxd1 26. Rxd1 Rd8 27. Rxd8 Qxd8
28. Qd3 Qa8 29. Kh2 b4 30. Ne2 c5 31. Ng3 h5 32. Qf3 c4 33. b3 Qa2 34. Nf1 Qxb3
35. cxb3 0-1

[Event "French Top 12 2013"]
[Site "Haguenau FRA"]
[Date "2013.06.08"]
[Round "10.4"]
[White "Llanes Hurtado, Miguel"]
[Black "Saada, Julien"]
[Result "1-0"]
[WhiteTitle "GM"]
[BlackTitle "FM"]
[WhiteElo "2469"]
[BlackElo "2323"]
[WhiteTeam "Grasse Echecs"]
[BlackTeam "Migne Echecs"]
[WhiteFideId "2206706"]
[BlackFideId "625388"]
[EventDate "2013.05.30"]

1. d4 d5 2. c4 e6 3. Nf3 Nf6 4. g3 dxc4 5. Bg2 Nc6 6. Qa4 Bd7 7. Qxc4 Na5 8. Qd3
c5 9. O-O Rc8 10. Nc3 cxd4 11. Nxd4 Bc5 12. Nb3 Nxb3 13. axb3 Bc6 14. Qxd8+ Kxd8
15. b4 Bxg2 16. Rd1+ Ke7 17. bxc5 Bc6 18. Rxa7 Rhd8 19. Rxd8 Rxd8 20. Bg5 Rd4
21. f3 Rb4 22. Ra2 h6 23. Bd2 Rb3 24. Nd1 Nd7 25. Ra5 Bxf3 26. exf3 Rd3 27. Bb4
Rxd1+ 28. Kf2 Kf6 29. Rb5 Rc1 30. Bc3+ Kg6 31. Ke2 Rc2+ 32. Kd3 Rxh2 33. b4 Rh5
34. Kc4 1-0

[Event "French Top 12 2013"]
[Site "Haguenau FRA"]
[Date "2013.06.08"]
[Round "10.5"]
[White "Bedouin, Xavier"]
[Black "Battaglini, Gabriel"]
[Result "0-1"]
[WhiteTitle "IM"]
[BlackTitle "IM"]
[WhiteElo "2387"]
[BlackElo "2437"]
[WhiteTeam "Migne Echecs"]
[BlackTeam "Grasse Echecs"]
[WhiteFideId "617040"]
[BlackFideId "621650"]
[EventDate "2013.05.30"]

1. Nf3 Nf6 2. c4 e6 3. g3 d5 4. d4 dxc4 5. Bg2 a6 6. O-O Nc6 7. Bg5 Be7 8. e3
Bd7 9. Nc3 Rb8 10. Rc1 b5 11. Bxf6 Bxf6 12. Ne4 O-O 13. b3 cxb3 14. axb3 Nb4 15.
Qd2 a5 16. Ra1 Be7 17. Rfc1 Bc6 18. Nc5 Ra8 19. Ne5 Bxg2 20. Kxg2 Qd5+ 21. Kg1
Rfd8 22. Qe2 f6 23. Nf3 Qc6 24. e4 Qb6 25. Qe3 e5 26. dxe5 Bxc5 27. Rxc5 Rd3 0-1

[Event "French Top 12 2013"]
[Site "Haguenau FRA"]
[Date "2013.06.08"]
[Round "10.8"]
[White "Forestier, Carole"]
[Black "Le Bail, Clara"]
[Result "1/2-1/2"]
[WhiteElo "2104"]
[BlackElo "1969"]
[WhiteTeam "Grasse Echecs"]
[BlackTeam "Migne Echecs"]
[WhiteFideId "641405"]
[BlackFideId "648167"]
[EventDate "2013.05.30"]

1. d4 Nf6 2. Nf3 g6 3. g3 Bg7 4. Bg2 d5 5. c4 dxc4 6. Ne5 O-O 7. O-O Nc6 8. Nxc6
bxc6 9. Bxc6 Rb8 10. Nc3 Bh3 11. Bg2 Qc8 12. Qa4 Bxg2 13. Kxg2 Qe6 14. Qxa7 Nd5
15. Kg1 Nxc3 16. bxc3 Qxe2 17. Qxc7 e5 18. Be3 Rfc8 19. Qa5 Ra8 20. Qd5 Rd8 21.
Qe4 exd4 22. Rfe1 Qb2 23. cxd4 Bxd4 24. Rab1 Qc3 25. Rbc1 Qd3 26. Bxd4 Qxd4 27.
Rxc4 Qxe4 28. Rcxe4 Rxa2 29. Re8+ Rxe8 30. Rxe8+ Kg7 1/2-1/2

[Event "French Top 12 2013"]
[Site "Haguenau FRA"]
[Date "2013.06.08"]
[Round "10.1"]
[White "Swiercz, Dariusz"]
[Black "Rapport, Richard"]
[Result "1/2-1/2"]
[WhiteTitle "GM"]
[BlackTitle "GM"]
[WhiteElo "2631"]
[BlackElo "2674"]
[WhiteTeam "C.E. de Rueil Malmaison"]
[BlackTeam "Clichy-Echecs-92"]
[WhiteFideId "1126881"]
[BlackFideId "738590"]
[EventDate "2013.05.30"]

1. e4 e5 2. Nf3 Nc6 3. Bb5 Nd4 4. Nxd4 exd4 5. O-O Bc5 6. d3 c6 7. Ba4 Ne7 8.
Qh5 d5 9. Nd2 O-O 10. Nf3 f6 11. exd5 cxd5 12. Re1 g6 13. Qh6 Bb4 14. Re2 Nf5
15. Qf4 g5 16. Qg4 Bc5 17. Nxg5 Ne3 18. Qh5 fxg5 19. fxe3 Qf6 20. Qf3 Bg4 21.
Qxf6 Rxf6 22. Re1 Bb4 23. c3 dxc3 24. a3 Ba5 25. b4 Bb6 26. Bb3 Rd8 27. Ra2 Kg7
28. d4 Bf5 29. Bc2 Rc8 30. Bxf5 Rxf5 31. Rf1 Rf6 32. Rxf6 Kxf6 33. g4 a5 34. Rc2
Rc4 35. Kf1 Bc7 36. h3 axb4 37. axb4 Rxb4 38. Rxc3 Ba5 1/2-1/2

[Event "French Top 12 2013"]
[Site "Haguenau FRA"]
[Date "2013.06.08"]
[Round "10.2"]
[White "Vachier-Lagrave, Maxime"]
[Black "Baron, Tal"]
[Result "1-0"]
[WhiteTitle "GM"]
[BlackTitle "GM"]
[WhiteElo "2718"]
[BlackElo "2467"]
[WhiteTeam "Clichy-Echecs-92"]
[BlackTeam "C.E. de Rueil Malmaison"]
[WhiteFideId "623539"]
[BlackFideId "2809958"]
[EventDate "2013.05.30"]

1. c4 g6 2. d4 Nf6 3. g3 c6 4. Nf3 d5 5. Qb3 Bg7 6. Bg2 O-O 7. O-O Qb6 8. Nc3
Bf5 9. h3 Ne4 10. cxd5 Nxc3 11. bxc3 Qxb3 12. axb3 cxd5 13. Nd2 Rd8 14. e4 dxe4
15. Nxe4 Na6 16. Be3 Be6 17. Rfc1 Bxb3 18. Rab1 Bd5 19. c4 Be6 20. d5 Bc8 21. c5
Kf8 22. d6 e6 23. Bg5 Rd7 24. c6 bxc6 25. Rxc6 Ke8 26. Nf6+ Bxf6 27. Bxf6 1-0

[Event "French Top 12 2013"]
[Site "Haguenau FRA"]
[Date "2013.06.08"]
[Round "10.3"]
[White "Williams, Simon K"]
[Black "Fressinet, Laurent"]
[Result "0-1"]
[WhiteTitle "GM"]
[BlackTitle "GM"]
[WhiteElo "2511"]
[BlackElo "2693"]
[WhiteTeam "C.E. de Rueil Malmaison"]
[BlackTeam "Clichy-Echecs-92"]
[WhiteFideId "404454"]
[BlackFideId "608742"]
[EventDate "2013.05.30"]

1. d4 Nf6 2. c4 e6 3. Nf3 Bb4+ 4. Nbd2 O-O 5. e3 d5 6. a3 Be7 7. b4 a5 8. b5 c5
9. Bb2 Nbd7 10. Be2 b6 11. Ne5 Bb7 12. cxd5 Nxd5 13. Nc6 Bxc6 14. bxc6 Nb8 15.
dxc5 bxc5 16. Qa4 Qc7 17. Bb5 Rc8 18. Qg4 Bf6 19. Bxf6 Nxf6 20. Qc4 Nxc6 21.
Qxc5 Qb7 22. Be2 Nb4 23. axb4 Rxc5 24. bxc5 Rd8 25. Rb1 Qc7 26. Rc1 a4 27. c6
Rd6 28. Bb5 a3 29. Nc4 Rd5 30. Ba4 Rc5 31. O-O a2 32. Nd2 Rxc1 33. Rxc1 Nd5 34.
Nb3 Qa7 35. Bb5 Qa3 36. c7 Nxc7 37. Rxc7 g6 0-1